Music and bharathanatyam / (Record no. 134236)
[ view plain ]
| 000 -LEADER | |
|---|---|
| fixed length control field | 00739nam a22002297a 4500 |
| 005 - DATE AND TIME OF LATEST TRANSACTION | |
| control field | 20170124110223.0 |
| 010 ## - LIBRARY OF CONGRESS CONTROL NUMBER | |
| LC control number | A-459244 |
| 020 ## - INTERNATIONAL STANDARD BOOK NUMBER | |
| Terms of availability | 00.00 |
| International Standard Book Number | 8185067635 |
| 035 ## - SYSTEM CONTROL NUMBER | |
| System control number | A-459244 |
| 037 ## - SOURCE OF ACQUISITION | |
| Source of stock number/acquisition | Cen Lib/Ret |
| 040 ## - CATALOGING SOURCE | |
| Original cataloging agency | DPL |
| Language of cataloging | EN |
| 082 ## - DEWEY DECIMAL CLASSIFICATION NUMBER | |
| Classification number | 792.8095431 |
| Item number | BHA |
| 100 ## - MAIN ENTRY--PERSONAL NAME | |
| Personal name | Bhagyalekshmy, S. |
| 9 (RLIN) | 40166 |
| 245 ## - TITLE STATEMENT | |
| Title | Music and bharathanatyam / |
| Statement of responsibility, etc | by S. bhagyalekshmy |
| 260 ## - PUBLICATION, DISTRIBUTION, ETC. (IMPRINT) | |
| Place of publication, distribution, etc | Delhi |
| Name of publisher, distributor, etc | Sundeep Prakashan |
| Date of publication, distribution, etc | 1991 |
| 270 ## - ADDRESS | |
| City | Delhi |
| Postal code | 110005 |
| Address | 6191/1, dev nagar, karol bagh |
| 300 ## - PHYSICAL DESCRIPTION | |
| Extent | viii, 127p.: |
| Dimensions | 23cm(Hb) |
| Other physical details | ill. |
| 500 ## - GENERAL NOTE | |
| General note | Includes appendix, bibliographical references and index |
| 650 ## - SUBJECT ADDED ENTRY--TOPICAL TERM | |
| Topical term or geographic name as entry element | Music |
| 9 (RLIN) | 4778 |
| 650 ## - SUBJECT ADDED ENTRY--TOPICAL TERM | |
| Topical term or geographic name as entry element | Bharathanatyam |
| General subdivision | Classical dance |
| 9 (RLIN) | 40167 |
| 942 ## - ADDED ENTRY ELEMENTS (KOHA) | |
| Source of classification or shelving scheme | Dewey Decimal Classification |
| Koha item type | English Books |
| Classification part | 792.8095431 |
| Call number suffix | BHA |
| Withdrawn status | Lost status | Damaged status | Not for loan | Collection code | Home library | Current library | Date acquired | Source of acquisition | Cost, normal purchase price | Total Checkouts | Full call number | Barcode | Date last seen | Copy number | Cost, replacement price | Price effective from | Koha item type |
|---|---|---|---|---|---|---|---|---|---|---|---|---|---|---|---|---|---|
| Not For Loan | Reference | Central Library | Central Library | 29/07/2015 | Cen Lib/Ret | 0.00 | 792.8095431 BHA | A-459244 | 29/07/2015 | 1 | 0.00 | 29/07/2015 | English Books |
